1440 1108 1186 1493 1530 1813 1036 1160 1729 1895 1556 1344 1610 1446 1059 1136 1266 1457 1806 1884 1218 1088 1586 1692 1343 1969 1558 1672 1366 1995 1112 1926 1375 1831 1333 1516 1411 1806 1855 1312 1084 1096 1593 1809 1888 1385 1934 1379 1693 1490 1924 1577 1611 1332 1880 1664 1924 1606 1529 1476 1218 1416 1171 1461 1004 1892 1958 1263 1851 1034 1238 1696 1458 1680 1717 1402 1016 1086 1614 1053 1499 1546 1413 1024 1404 1996 1757 1805 1993 1200 1640 1644 1422 1846 1278 1654 1844 1233 1009 BCNSPRNW ULIB Ver.6.0+V

เปลี่ยนเป็นภาษาไทย

Change to English
 แสดงรายละเอียดบรรณานุกรม
  กลับหน้าหลัก

Brief Record : Get Marc (ISO 2709) : E-mail record : QR code < ปิดหน้าต่าง
LEADER : 00000nam 2200000uu 4500
001    13399126074
003     ULIB
008    180525s2554||||th 000 0 tha d
020    ^a9786169032762
040    ^absi
060 04 ^aWB537^bส587ว
100 0  ^aสันติสุข โสภณสิริ
245 10 ^aเวชกรรมไทยเบื้องต้น /^cผู้เขียน, สันติสุข โสภณสิริ
250    ^aพิมพ์ครั้งที่ 1
260    ^aกรุงเทพฯ :^bมูลนิธิสาธารณสุขกับการพัฒนา,^c2554
300    ^a72 หน้า ;^c26 ซม.
500 เว ^aชกรรมไทยเบื้องต้นเป็นตำราพื้นฐานในการฝึกอบรมหลักสูตรการประกอบโรคศิลปะสาขาการแพทย์แผนไทย ประเภทการนวดไทย (หมอนวดไทย)ตามพระราชบัญญัติการประกอบโรคศิลปะ พ.ศ. 2542
650  4 ^aการนวด
650  4 ^aการบำบัดด้วยการนวด
710 2  ^aมูลนิธิสาธารณสุขกับการพัฒนา
710 2  ^aมูลนิธิพัฒนาการแพทย์แผนไทย
710 2  ^aมูลนิธิเพื่อเด็กพิการ
910    ^aSend to UC
945    ^p100^l0^i004025
945    ^p100^l0^i004026
945    ^p100^l0^i004027
945    ^p100^l0^i004028
945    ^p100^l0^i004029
999    ^aประนอม เกษจรัล
รายการนี้ยังไม่มีแท็ก
คุณยังไม่ได้ล็อกอิน คุณสามารถมีกิจกรรมร่วมกับเว็บไซต์ได้ แต่ต้องล็อกอินก่อน ::
  ล็อกอิน

รายการสื่อสารสนเทศ

ลำดับที่ ประเภท เลขเรียก/บาร์โค้ด สถานที่ สถานะ
1. หนังสือสำรอง
หนังสือสำรอง
WB537 ส587ว ฉ.1 
  Barcode: 004025
ห้องสมุดวิทยาเขตสวรรค์ประชารักษ์
►ส่วนจัดเก็บหนังสือเก่า สปร
บนชั้น
  ขอยืม
2. วิทยาศาสตร์การแพทย์ และสุขภาพ
วิทยาศาสตร์การแพทย์ และสุขภาพ
WB537 ส587ว ฉ.2 
  Barcode: 004026
ห้องสมุดวิทยาเขตสวรรค์ประชารักษ์
►ส่วนจัดเก็บหนังสือเก่า สปร
บนชั้น
  ขอยืม
3. วิทยาศาสตร์การแพทย์ และสุขภาพ
วิทยาศาสตร์การแพทย์ และสุขภาพ
WB537 ส587ว ฉ.3 
  Barcode: 004027
ห้องสมุดวิทยาเขตสวรรค์ประชารักษ์
►ส่วนจัดเก็บหนังสือเก่า สปร
บนชั้น
  ขอยืม
4. วิทยาศาสตร์การแพทย์ และสุขภาพ
วิทยาศาสตร์การแพทย์ และสุขภาพ
WB537 ส587ว ฉ.4 
  Barcode: 004028
ห้องสมุดวิทยาเขตนครสวรรค์
►นวนิยาย:l:Fiction
บนชั้น
5. วิทยาศาสตร์การแพทย์ และสุขภาพ
วิทยาศาสตร์การแพทย์ และสุขภาพ
WB537 ส587ว ฉ.5 
  Barcode: 004029
ห้องสมุดวิทยาเขตสวรรค์ประชารักษ์
►ส่วนจัดเก็บหนังสือเก่า สปร
บนชั้น
  ขอยืม

รายการใกล้เคียง
    ผู้แต่ง [สันติสุข โสภณสิริ]

    หัวเรื่อง [การนวด]
    หัวเรื่อง [การบำบัดด้วยการนวด]

BibComment


ยังไม่เคยถูกคอมเมนท์

คอมเมนท์ทรัพยากรรายการนี้
  คอมเมนท์: เวชกรรมไทยเบื้อง..


 Copyright 2026. Bcnsprnw @Library